000 00430nam a2200181Ia 4500
008 210210b2009 xxu||||| |||| 00| 0 eng d
041 _aeng
082 _a575.1 MEYG
100 _aMEYYAN (R P)
245 _aGenetics and biostatistics
260 _aKanyakumari
_bSaras Publication
_c2009
300 _axvi--552
650 _aGenetics
650 _abiostatistics
650 _aand
690 _aGenetics
906 _aSG05191
999 _c136716
_d136716